[Event "XIX Festival A"]
[Site "Porto San Giorgio ITA"]
[Date "2007.08.21"]
[Round "1"]
[White "Csiszar, Csaba"]
[Black "Allegranti, Luca"]
[Result "1/2-1/2"]
[WhiteElo "2430"]
[BlackElo "2043"]
[PlyCount "106"]
[EventDate "2007.08.21"]

1. d4 f5 2. Bg5 g6 3. e4 fxe4 4. Nc3 Nf6 5. f3 e3 6. Bxe3 d5 7. Qd2 Nc6 8. Bb5
Bd7 9. Nge2 a6 10. Bxc6 Bxc6 11. O-O-O Qd7 12. Nf4 O-O-O 13. Nd3 e6 14. Bg5 Qg7
15. Qf4 Nh5 16. Qe3 Re8 17. Ne5 h6 18. Bh4 g5 19. Bg3 Nxg3 20. hxg3 Bd6 21.
Rde1 Bd7 22. g4 Bxe5 23. Qxe5 Qxe5 24. Rxe5 b6 25. Ne2 c5 26. c3 Kc7 27. Kd2
Kd6 28. Ng3 cxd4 29. cxd4 Rc8 30. Ne2 a5 31. Re3 Bb5 32. Nc3 Be8 33. Rhe1 Bd7
34. Re5 b5 35. Ne2 Rc4 36. b3 Rc6 37. Rc1 Rhc8 38. Rxc6+ Rxc6 39. Nc1 b4 40.
Nd3 Rc3 41. Re3 Ke7 42. Ne5 Rxe3 43. Kxe3 Bb5 44. g3 Kf6 45. f4 Be8 46. Kd2 Bb5
47. Kc2 Be8 48. Kd2 Bb5 49. Ke3 Be8 50. Nd3 Bb5 51. Nc5 Bc6 52. Nd3 Bb5 53. Ne1
Be8 1/2-1/2

[Event "XIX Festival A"]
[Site "Porto San Giorgio ITA"]
[Date "2007.08.21"]
[Round "1"]
[White "Eperjesi, Laszlo"]
[Black "D'Andrea, Carlo"]
[Result "1-0"]
[WhiteElo "2264"]
[BlackElo "1976"]
[PlyCount "37"]
[EventDate "2007.08.21"]

1. d4 Nf6 2. c4 e6 3. Nf3 b6 4. g3 Bb7 5. Bg2 Be7 6. O-O O-O 7. Nc3 d5 8. Ne5
Nbd7 9. cxd5 exd5 10. Bf4 a6 11. Rc1 Rc8 12. Qb3 Nxe5 13. dxe5 Ne4 14. Nxe4
dxe4 15. Rfd1 Qe8 16. Bh3 Rb8 17. Rxc7 g5 18. Rdd7 gxf4 19. Rxe7 1-0

[Event "XIX Festival A"]
[Site "Porto San Giorgio ITA"]
[Date "2007.08.21"]
[Round "1"]
[White "Fedorchuk, Sergey A."]
[Black "Liguori, Renato"]
[Result "1-0"]
[WhiteElo "2618"]
[BlackElo "2111"]
[PlyCount "49"]
[EventDate "2007.08.21"]

1. e4 e6 2. d4 d5 3. Nd2 dxe4 4. Nxe4 Bd7 5. Nf3 Bc6 6. Neg5 Nf6 7. Ne5 Ne4 8.
Nexf7 Qf6 9. Nxe4 Qxf7 10. Ng5 Qf6 11. Qg4 Bd5 12. Bd3 h5 13. Qe2 Bxg2 14. Rg1
Bd5 15. c4 Bb4+ 16. Kf1 Bc6 17. Nxe6 Bf3 18. Qe3 Bg4 19. Nxc7+ Kd7 20. Nd5 Qd6
21. Rxg4 hxg4 22. Bf5+ Kd8 23. Qg5+ Ke8 24. Bf4 Qc6 25. Re1+ 1-0

[Event "XIX Festival A"]
[Site "Porto San Giorgio ITA"]
[Date "2007.08.21"]
[Round "1"]
[White "Georgiev, Vladimir"]
[Black "D'Andrea, Stefano"]
[Result "1-0"]
[WhiteElo "2568"]
[BlackElo "2107"]
[PlyCount "74"]
[EventDate "2007.08.21"]

1. d4 Nf6 2. c4 c5 3. d5 b5 4. Nf3 Bb7 5. b3 e6 6. dxe6 fxe6 7. cxb5 a6 8. bxa6
Nxa6 9. e3 Be7 10. Nbd2 O-O 11. Bb2 d5 12. Be2 Nd7 13. O-O Bf6 14. Qb1 e5 15.
e4 d4 16. Nc4 Qe7 17. Na5 Bc8 18. Bc4+ Kh8 19. Bd5 Nc7 20. Bxa8 Nxa8 21. a3 g5
22. Bc1 Ba6 23. Nc4 g4 24. Ne1 Nc7 25. Nd3 Bb7 26. Re1 Nb5 27. Bd2 Bg5 28. Qc1
Bxd2 29. Qxd2 Nc3 30. Qh6 Rf6 31. Qh5 Nxe4 32. Ncxe5 Nxe5 33. Qxe5 Qxe5 34.
Nxe5 h5 35. Nd3 h4 36. Rac1 g3 37. hxg3 hxg3 1-0

[Event "XIX Festival A"]
[Site "Porto San Giorgio ITA"]
[Date "2007.08.21"]
[Round "1"]
[White "Gianfelici, Edoardo"]
[Black "Castaldo, Folco"]
[Result "1/2-1/2"]
[WhiteElo "2013"]
[BlackElo "2345"]
[PlyCount "65"]
[EventDate "2007.08.21"]

1. d4 e6 2. c4 f5 3. g3 Nf6 4. Bg2 Bb4+ 5. Bd2 Qe7 6. Nc3 O-O 7. Nf3 d6 8. Qb3
c5 9. a3 Ba5 10. dxc5 dxc5 11. Ne5 Nbd7 12. Nxd7 Qxd7 13. Bf4 Qe7 14. O-O e5
15. Bg5 Bxc3 16. Qxc3 h6 17. Be3 e4 18. b4 Nd7 19. Rad1 Re8 20. Bh3 cxb4 21.
axb4 Nf6 22. Bd4 Nh7 23. f3 f4 24. Bxc8 Raxc8 25. gxf4 exf3 26. exf3 Qf7 27. c5
Re2 28. Rf2 Rxf2 29. Kxf2 Qxf4 30. Qc4+ Qf7 31. Qxf7+ Kxf7 32. Be5 Nf6 33. Bxf6
1/2-1/2

[Event "XIX Festival A"]
[Site "Porto San Giorgio ITA"]
[Date "2007.08.21"]
[Round "1"]
[White "Grigoryan-Lyell, Meri"]
[Black "Popchev, Milko"]
[Result "0-1"]
[WhiteElo "2048"]
[BlackElo "2456"]
[PlyCount "81"]
[EventDate "2007.08.21"]

1. e4 c5 2. b3 b6 3. Nc3 Bb7 4. f4 e6 5. Nf3 Nc6 6. Bb2 d5 7. Bb5 d4 8. Ne5
Nge7 9. Ne2 a6 10. Bxc6+ Bxc6 11. Nxc6 Nxc6 12. d3 f5 13. Ng3 g6 14. Qe2 Qe7
15. O-O-O O-O-O 16. Rde1 Qc7 17. Kb1 Bh6 18. exf5 exf5 19. Nxf5 Rde8 20. Ne7+
Kb7 21. Qe6 Bxf4 22. Qxc6+ Qxc6 23. Nxc6 Kxc6 24. Bc1 Bd6 25. Bh6 Kd5 26. g3
Rhg8 27. Ref1 Re2 28. Rf7 Rge8 29. Rd7 R8e7 30. Rd8 Kc6 31. Rf1 Re1+ 32. Rxe1
Rxe1+ 33. Kb2 Re2 34. Rc8+ Kd7 35. Rh8 Rxh2 36. Rxh7+ Kc6 37. g4 Bf4 38. Bxf4
Rxh7 39. Be5 Rh1 40. g5 Rg1 41. Bf6 0-1

[Event "XIX Festival A"]
[Site "Porto San Giorgio ITA"]
[Date "2007.08.21"]
[Round "1"]
[White "Gvilava, Maya"]
[Black "Cioara, Andrei Nestor"]
[Result "0-1"]
[WhiteElo "2046"]
[BlackElo "2430"]
[PlyCount "76"]
[EventDate "2007.08.21"]

1. e4 c6 2. d4 d5 3. Nd2 dxe4 4. Nxe4 Nd7 5. Nf3 Ngf6 6. Ng3 e6 7. Bd3 c5 8. c3
cxd4 9. Nxd4 Be7 10. O-O O-O 11. Re1 a6 12. Bb1 Qc7 13. a4 Re8 14. Qc2 Bf8 15.
Bg5 g6 16. h4 Bg7 17. h5 Nb6 18. hxg6 hxg6 19. Ne4 Ng4 20. Nf3 e5 21. Ba2 Be6
22. Bxe6 Rxe6 23. Rad1 Rae8 24. a5 Nd7 25. Rd5 Ngf6 26. Nxf6+ Nxf6 27. Bxf6
Bxf6 28. Red1 e4 29. Nd4 Bxd4 30. R5xd4 Qxa5 31. Re1 e3 32. fxe3 Rxe3 33. Rxe3
Rxe3 34. Qd2 Qe5 35. Rd8+ Kg7 36. Qd4 Re1+ 37. Kf2 Re2+ 38. Kf1 Qxd4 0-1

[Event "XIX Festival A"]
[Site "Porto San Giorgio ITA"]
[Date "2007.08.21"]
[Round "1"]
[White "Horvath, Peter"]
[Black "Antonelli, Fabrizio"]
[Result "1-0"]
[WhiteElo "2445"]
[BlackElo "2048"]
[PlyCount "93"]
[EventDate "2007.08.21"]

1. d4 Nf6 2. c4 g6 3. g3 Bg7 4. Bg2 O-O 5. Nc3 d6 6. Nf3 c5 7. d5 e5 8. O-O a6
9. a4 Nh5 10. e4 f5 11. exf5 Bxf5 12. Ng5 Nf6 13. Qb3 Qe7 14. Nce4 Nxe4 15.
Nxe4 h6 16. a5 Nd7 17. Bd2 Rab8 18. Qd3 Nf6 19. Ra3 b5 20. axb6 Rxb6 21. Bc3
Kh7 22. Rfa1 Ra8 23. Qe3 Ng4 24. Qe2 Qf8 25. Nd2 h5 26. h3 Nh6 27. Ne4 Bxe4 28.
Bxe4 Nf5 29. Qf3 Bh6 30. Kg2 Ra7 31. Ra4 Rf7 32. Qe2 Qc8 33. b4 cxb4 34. Rxb4
Rxb4 35. Bxb4 Bf8 36. Bd3 Kg8 37. Qe4 Qb7 38. Rb1 Qb6 39. Rb2 Qd4 40. Qxd4 exd4
41. Ba5 Kg7 42. Bb6 Kf6 43. Ra2 g5 44. Rxa6 Ke5 45. Ra2 Rb7 46. Rb2 Re7 47. Bd8
1-0

[Event "XIX Festival A"]
[Site "Porto San Giorgio ITA"]
[Date "2007.08.21"]
[Round "1"]
[White "Insabato, Giovanbattista"]
[Black "Korneev, Oleg"]
[Result "0-1"]
[WhiteElo "2106"]
[BlackElo "2565"]
[PlyCount "62"]
[EventDate "2007.08.21"]

1. Nf3 d5 2. d3 g6 3. g3 Bg7 4. Bg2 e5 5. O-O Ne7 6. e4 O-O 7. Nc3 d4 8. Ne2 c5
9. c3 Nbc6 10. cxd4 cxd4 11. Bg5 h6 12. Bd2 Be6 13. Ne1 Qd7 14. f4 Bh3 15. Nf3
Bxg2 16. Kxg2 exf4 17. Bxf4 g5 18. Bd2 f5 19. Qb3+ Kh8 20. Rad1 Rae8 21. h4
gxh4 22. Rh1 fxe4 23. dxe4 Ng6 24. Nxh4 Qg4 25. Nxg6+ Qxg6 26. Rh4 Ne5 27. Qxb7
Rb8 28. Qe7 Rf7 29. Qa3 Rbf8 30. Rf1 Nc4 31. Qb3 Nxd2 0-1

[Event "XIX Festival A"]
[Site "Porto San Giorgio ITA"]
[Date "2007.08.21"]
[Round "1"]
[White "Jones, Gawain C.B."]
[Black "Dubois, Martine"]
[Result "1-0"]
[WhiteElo "2526"]
[BlackElo "2073"]
[PlyCount "75"]
[EventDate "2007.08.21"]

1. e4 d5 2. exd5 Qxd5 3. Nf3 Bg4 4. Be2 Nc6 5. h3 Bh5 6. Nc3 Qd7 7. d4 O-O-O 8.
Be3 e6 9. Bb5 f6 10. Qe2 Bf7 11. O-O-O Nge7 12. Qc4 Kb8 13. Qb3 Qd6 14. a3 Nd5
15. Ne4 Na5 16. Qa4 Qb6 17. Bd2 Nc6 18. c4 Nxd4 19. Nxd4 Qxd4 20. cxd5 Qxa4 21.
Bxa4 exd5 22. Bf4 d4 23. Rd2 Bg6 24. Re1 a6 25. Bc2 b5 26. Red1 f5 27. Ng5 b4
28. axb4 Bxb4 29. Rxd4 Rxd4 30. Rxd4 Bc5 31. Rd7 Bxf2 32. Ne6 Re8 33. Rxc7 Be3+
34. Bxe3 Rxe6 35. Bf4 Re1+ 36. Kd2 Rg1 37. g3 Rg2+ 38. Kc3 1-0

[Event "XIX Festival A"]
[Site "Porto San Giorgio ITA"]
[Date "2007.08.21"]
[Round "1"]
[White "Jovanic, Ognjen"]
[Black "Boscolo, Marco"]
[Result "1-0"]
[WhiteElo "2491"]
[BlackElo "2061"]
[PlyCount "59"]
[EventDate "2007.08.21"]

1. d4 e6 2. c4 Nf6 3. Nf3 b6 4. Nc3 Bb7 5. Bg5 Bb4 6. Nd2 h6 7. Bh4 Bxc3 8.
bxc3 d6 9. f3 Nbd7 10. e4 e5 11. Qa4 Qe7 12. Be2 g5 13. Bf2 Kf8 14. Nf1 exd4
15. cxd4 c5 16. Ne3 cxd4 17. Nf5 Qe6 18. Nxd4 Qe5 19. Rd1 Nc5 20. Qa3 Ne8 21.
Nf5 Qe6 22. Bg3 h5 23. Nxd6 Ba6 24. Nxe8 Kxe8 25. Rd6 Qe7 26. Rd5 Bb7 27. Bd6
Qd7 28. Rd1 Qc6 29. Qc3 Rg8 30. Qf6 1-0

[Event "XIX Festival A"]
[Site "Porto San Giorgio ITA"]
[Date "2007.08.21"]
[Round "1"]
[White "Lapenna, Antonio"]
[Black "Hamdouchi, Hichem"]
[Result "0-1"]
[WhiteElo "2108"]
[BlackElo "2576"]
[PlyCount "108"]
[EventDate "2007.08.21"]

1. d4 e6 2. Nf3 c5 3. e3 Nf6 4. Bd3 b6 5. O-O Bb7 6. Nbd2 g6 7. c3 Bg7 8. e4 d6
9. a3 O-O 10. b4 Nh5 11. Re1 Nc6 12. Bb2 a6 13. Bf1 Qc7 14. g3 Rad8 15. Bg2 Bc8
16. Nf1 Ne7 17. Qe2 Rfe8 18. Rad1 Bb7 19. Bc1 Nf6 20. Qd3 cxd4 21. cxd4 Rc8 22.
e5 dxe5 23. dxe5 Red8 24. Qe2 Nfd5 25. Bb2 Nc3 26. Rxd8+ Qxd8 27. Qd2 Na4 28.
Ba1 h6 29. Qxd8+ Rxd8 30. N3d2 Bxg2 31. Kxg2 Rc8 32. Ne3 Nf5 33. Ndc4 b5 34.
Nxf5 gxf5 35. Ne3 Nb6 36. f4 Nc4 37. Nxc4 Rxc4 38. Re2 Bf8 39. Rd2 Kg7 40. Kf3
a5 41. bxa5 Ra4 42. Bb2 Bxa3 43. Bc3 Bf8 44. Rd3 b4 45. Bb2 Rxa5 46. Rb3 Ra7
47. h3 h5 48. g4 hxg4+ 49. hxg4 Kg6 50. Bc1 Ra1 51. Bd2 Ra3 52. Rxa3 bxa3 53.
Bc3 Bc5 54. Ba1 fxg4+ 0-1

[Event "XIX Festival A"]
[Site "Porto San Giorgio ITA"]
[Date "2007.08.21"]
[Round "1"]
[White "Marozzi, Giovanni"]
[Black "Zaja, Ivan"]
[Result "0-1"]
[WhiteElo "2055"]
[BlackElo "2464"]
[PlyCount "78"]
[EventDate "2007.08.21"]

1. e4 e6 2. d4 d5 3. exd5 exd5 4. Bd3 Nc6 5. c3 Bd6 6. Nf3 Bg4 7. O-O Nge7 8.
Bg5 f6 9. Bh4 Qd7 10. Bg3 h5 11. Bxd6 Qxd6 12. h3 O-O-O 13. Nbd2 Kb8 14. Qc2 g5
15. Nh2 Bc8 16. Rfe1 g4 17. h4 f5 18. g3 f4 19. Ndf1 Rdf8 20. Re2 Nf5 21. Bxf5
Bxf5 22. Qd2 Be4 23. Rae1 Ne7 24. c4 Nf5 25. c5 Qf6 26. Qxf4 Nxd4 27. Rd2 Qxf4
28. gxf4 Ne6 29. Ng3 Nxc5 30. Nxe4 dxe4 31. b4 Nd3 32. Rxe4 Nxf4 33. Nf1 Ng6
34. Rd7 Nxh4 35. Ree7 Nf5 36. Rh7 Rxh7 37. Rxh7 h4 38. Rh5 Nd4 39. Nh2 Ne2+ 0-1

[Event "XIX Festival A"]
[Site "Porto San Giorgio ITA"]
[Date "2007.08.21"]
[Round "1"]
[White "Mastroddi, Emiliano"]
[Black "Miezis, Normunds"]
[Result "0-1"]
[WhiteElo "2072"]
[BlackElo "2524"]
[PlyCount "59"]
[EventDate "2007.08.21"]

1. e4 c5 2. Nf3 e6 3. c3 d5 4. exd5 exd5 5. Bb5+ Nc6 6. d4 Bd6 7. O-O Nf6 8.
Re1+ Be6 9. Be3 cxd4 10. cxd4 O-O 11. Nc3 h6 12. h3 Ne4 13. Nxe4 dxe4 14. Bxc6
bxc6 15. Ne5 Bd5 16. Qh5 Qe8 17. Ng4 f5 18. Qxe8 Raxe8 19. Ne5 f4 20. Bd2 Bxe5
21. dxe5 Rxe5 22. Bc3 Rg5 23. Kh2 Re8 24. a3 e3 25. f3 Bb3 26. Rec1 c5 27. Be1
Rd5 28. g3 Rd2+ 29. Kg1 c4 30. gxf4 0-1

[Event "XIX Festival A"]
[Site "Porto San Giorgio ITA"]
[Date "2007.08.21"]
[Round "1"]
[White "Mastrorilli, Nicola"]
[Black "Naumkin, Igor"]
[Result "0-1"]
[WhiteElo "2060"]
[BlackElo "2490"]
[PlyCount "68"]
[EventDate "2007.08.21"]

1. d4 e6 2. c4 f5 3. g3 Nf6 4. Bg2 Be7 5. Nf3 O-O 6. O-O d6 7. b3 Qe8 8. e3 a5
9. Nc3 Qh5 10. Ne1 Qxd1 11. Nxd1 e5 12. Nc3 c6 13. f4 e4 14. Nc2 Na6 15. a3 Nc7
16. Rd1 Be6 17. Bf1 Bf7 18. Bd2 h6 19. Be2 g5 20. h3 d5 21. c5 Kh7 22. Kh2 Rg8
23. Rg1 h5 24. b4 Ne6 25. Raf1 h4 26. fxg5 Rxg5 27. g4 fxg4 28. Bxg4 Nxg4+ 29.
Rxg4 Rxg4 30. hxg4 Ng5 31. Ne1 axb4 32. axb4 Be6 33. Rg1 Bd8 34. Rg2 Ra1 0-1

[Event "XIX Festival A"]
[Site "Porto San Giorgio ITA"]
[Date "2007.08.21"]
[Round "1"]
[White "Mrdja, Milan"]
[Black "Faccia, Sergio"]
[Result "0-1"]
[WhiteElo "2385"]
[BlackElo "2029"]
[PlyCount "54"]
[EventDate "2007.08.21"]

1. e4 e5 2. Nf3 f5 3. Nxe5 Qf6 4. d4 d6 5. Nc4 fxe4 6. Ne3 Nc6 7. Bb5 a6 8.
Bxc6+ bxc6 9. c4 Qg6 10. Nc3 Nf6 11. Qa4 Bd7 12. Qa5 Be7 13. O-O O-O 14. Kh1
Rf7 15. Bd2 Raf8 16. Rae1 Nh5 17. Ned1 Bg4 18. Qxa6 Bh4 19. Be3 Bg3 20. Qxc6
Bxh2 21. Nxe4 Nf4 22. Bxf4 Bxf4 23. f3 Qh6+ 24. Kg1 Bh2+ 25. Kf2 Rxf3+ 26. gxf3
Rxf3+ 27. Ke2 Rc3+ 0-1

[Event "XIX Festival A"]
[Site "Porto San Giorgio ITA"]
[Date "2007.08.21"]
[Round "1"]
[White "Parrini, Daniele"]
[Black "Andonov, Bogomil"]
[Result "0-1"]
[WhiteElo "2026"]
[BlackElo "2383"]
[PlyCount "108"]
[EventDate "2007.08.21"]

1. e4 c5 2. Nf3 Nc6 3. d4 cxd4 4. Nxd4 Qc7 5. Nc3 e6 6. Be3 Nf6 7. Qd2 a6 8.
O-O-O b5 9. f3 Bb7 10. Kb1 b4 11. Na4 d5 12. Nxc6 Bxc6 13. Nb6 Rb8 14. exd5
Nxd5 15. Nxd5 Bxd5 16. Bf4 Qa5 17. Bc4 Rd8 18. Qe2 Be7 19. Bxd5 Rxd5 20. Rxd5
Qxd5 21. Rd1 Qc6 22. Qd3 f6 23. Bd6 Kf7 24. Bxe7 Kxe7 25. Qd4 Rb8 26. Qg4 Rg8
27. Qh5 h6 28. Qg6 a5 29. Qh7 Kf7 30. Qd3 Re8 31. Qd7+ Qxd7 32. Rxd7+ Re7 33.
Rd8 Rc7 34. Rd3 f5 35. Kc1 Rc5 36. Kd2 e5 37. c3 bxc3+ 38. Rxc3 Rd5+ 39. Rd3
Ke6 40. b3 Rb5 41. Rc3 a4 42. Rc7 axb3 43. axb3 Rxb3 44. Rxg7 Rb2+ 45. Kd3 Ra2
46. h4 Kf6 47. Rg8 Kf7 48. Rg3 Ra4 49. h5 Rh4 50. Rh3 Rxh3 51. gxh3 Kf6 52. h4
Ke6 53. Ke3 Kd5 54. Ke2 Kd4 0-1

[Event "XIX Festival A"]
[Site "Porto San Giorgio ITA"]
[Date "2007.08.21"]
[Round "1"]
[White "Rago, Riccardo"]
[Black "Krivoshey, Sergei"]
[Result "0-1"]
[WhiteElo "2062"]
[BlackElo "2500"]
[PlyCount "90"]
[EventDate "2007.08.21"]

1. e4 d5 2. exd5 Nf6 3. d4 Bg4 4. Be2 Bxe2 5. Qxe2 Qxd5 6. Nf3 e6 7. O-O Nc6 8.
Be3 Bd6 9. c4 Qh5 10. Nc3 O-O 11. h3 Rfd8 12. Rad1 a6 13. d5 exd5 14. Nxd5 Nxd5
15. Rxd5 Qg6 16. Rfd1 h6 17. b3 Re8 18. Qd3 Qf6 19. Qb1 Ne7 20. R5d3 Nf5 21.
Bc1 Re2 22. R3d2 Rxd2 23. Rxd2 Nh4 24. Nxh4 Qxh4 25. Qf5 Qe7 26. Rd1 Qe2 27.
Qd3 Qxa2 28. Be3 Rd8 29. Kf1 Be7 30. Qb1 Qxb1 31. Rxb1 f5 32. Ke2 Kf7 33. g4
Ke6 34. Rg1 Bf6 35. gxf5+ Kxf5 36. Rg4 c6 37. c5 Rd7 38. Rc4 Ke6 39. Rc2 Rd5
40. Rc1 Rh5 41. Rh1 Be7 42. b4 g5 43. f3 Rh4 44. Bd2 Bf6 45. Kd3 Kd5 0-1

[Event "XIX Festival A"]
[Site "Porto San Giorgio ITA"]
[Date "2007.08.21"]
[Round "1"]
[White "Rotoni, Matteo"]
[Black "Ninov, Nikolai Ivanov"]
[Result "1-0"]
[WhiteElo "2074"]
[BlackElo "2536"]
[PlyCount "113"]
[EventDate "2007.08.21"]

1. e4 c5 2. d4 cxd4 3. c3 dxc3 4. Nxc3 Nc6 5. Nf3 d6 6. Bc4 a6 7. O-O Nf6 8.
Bg5 e6 9. Qe2 h6 10. Bh4 g5 11. Bg3 Nh5 12. Rad1 Nxg3 13. hxg3 Bd7 14. Nd4 h5
15. Rfe1 Rc8 16. Bb3 Be7 17. Qd2 Qb6 18. Nf5 exf5 19. exf5 Bxf5 20. Qxd6 Qa5
21. Rd5 Rd8 22. Qf6 O-O 23. Qxf5 Rxd5 24. Bxd5 Kg7 25. Rxe7 Nxe7 26. Qe5+ Kh6
27. Qxe7 Qd8 28. Qxd8 Rxd8 29. Bxb7 Rb8 30. Bxa6 Rxb2 31. a4 Rc2 32. Nd5 f5 33.
Bb5 h4 34. gxh4 gxh4 35. Ne3 Rc1+ 36. Kh2 f4 37. Ng4+ Kg5 38. f3 Ra1 39. Nf2
Ra2 40. Ne4+ Kf5 41. Kh3 Ke5 42. Nc5 Kd4 43. Nd3 Ke3 44. Ne5 Ra1 45. Ng4+ Kd4
46. Kxh4 Rg1 47. Kg5 Rxg2 48. Kxf4 Rc2 49. Nf6 Rc5 50. Nd7 Rd5 51. Nb8 Kc5 52.
Nc6 Rd7 53. Ke4 Rh7 54. f4 Rh8 55. f5 Kd6 56. Kf4 Rg8 57. f6 1-0

[Event "XIX Festival A"]
[Site "Porto San Giorgio ITA"]
[Date "2007.08.21"]
[Round "1"]
[White "Ruggeri, Pietro"]
[Black "Komarov, Dimitri"]
[Result "1/2-1/2"]
[WhiteElo "2098"]
[BlackElo "2550"]
[PlyCount "80"]
[EventDate "2007.08.21"]

1. d4 Nf6 2. Bf4 d5 3. e3 c5 4. c3 Nc6 5. Nf3 Qb6 6. Qb3 c4 7. Qxb6 axb6 8. Na3
e6 9. Nb5 Ra5 10. a4 Be7 11. Be2 O-O 12. O-O Ne4 13. h3 Bd7 14. Bd1 Na7 15.
Nxa7 Rxa7 16. Bc7 Rfa8 17. Bc2 Bxa4 18. Bxe4 dxe4 19. Nd2 Bc2 20. Rxa7 Rxa7 21.
Rc1 Bd3 22. b4 cxb3 23. Nxb3 b5 24. Nc5 Bxc5 25. dxc5 f6 26. Kh2 Kf7 27. Kg3
Ke8 28. Bd6 Ra8 29. h4 Kd7 30. h5 b6 31. f3 Rc8 32. fxe4 Bxe4 33. Rd1 Kc6 34.
cxb6 Kxb6 35. Bb4 Bd5 36. Rd4 f5 37. Kf4 Ra8 38. Ke5 Ra2 39. g4 Rf2 40. Kd6 Bc4
1/2-1/2

[Event "XIX Festival A"]
[Site "Porto San Giorgio ITA"]
[Date "2007.08.21"]
[Round "1"]
[White "Sulava, Nenad"]
[Black "Foglia, Maurizio"]
[Result "1-0"]
[WhiteElo "2544"]
[BlackElo "2094"]
[PlyCount "83"]
[EventDate "2007.08.21"]

1. Nf3 Nf6 2. g3 g6 3. b3 Bg7 4. Bb2 d5 5. c4 c6 6. Bg2 O-O 7. O-O Bg4 8. d4
Bxf3 9. Bxf3 e6 10. Nd2 Nbd7 11. Qc2 Rc8 12. Rad1 Qc7 13. Rfe1 Rfd8 14. Bg2 b5
15. Rc1 Qb8 16. a3 Bh6 17. e3 Bg7 18. Bc3 c5 19. Qa2 bxc4 20. bxc4 Nb6 21. dxc5
Rxc5 22. Qa1 Ne8 23. Bxg7 Nxg7 24. cxd5 Rxc1 25. Rxc1 Nxd5 26. Bxd5 exd5 27.
Nf3 Qb6 28. a4 Ne8 29. Qd4 Qf6 30. Ne5 Kg7 31. Rc6 Rd6 32. Rxd6 Nxd6 33. Qxd5
h5 34. Kg2 Nf5 35. Nf3 Qa6 36. Qe5+ Kg8 37. a5 Qb7 38. e4 Ne7 39. a6 Qb4 40.
Ng5 Nc8 41. Qc7 Qf8 42. Nxf7 1-0

[Event "XIX Festival A"]
[Site "Porto San Giorgio ITA"]
[Date "2007.08.21"]
[Round "1"]
[White "Trebeschi, Andrea"]
[Black "Rotstein, Arkadij"]
[Result "0-1"]
[WhiteElo "2066"]
[BlackElo "2515"]
[PlyCount "56"]
[EventDate "2007.08.21"]

1. e4 c5 2. Nf3 e6 3. d3 Nc6 4. g3 d5 5. Nbd2 Nf6 6. Bg2 g6 7. O-O Bg7 8. Re1
O-O 9. c3 b6 10. e5 Nd7 11. d4 cxd4 12. cxd4 f6 13. exf6 Qxf6 14. Nb3 Ba6 15.
Bg5 Qf5 16. Qd2 Bc4 17. Nh4 Qf7 18. Bh3 Rae8 19. Rac1 a5 20. Bf1 b5 21. Be3 a4
22. Na5 Nxa5 23. Qxa5 e5 24. dxe5 Nxe5 25. Bxc4 bxc4 26. Rf1 Nd3 27. Rcd1 d4
28. Rxd3 dxe3 0-1

[Event "XIX Festival A"]
[Site "Porto San Giorgio ITA"]
[Date "2007.08.21"]
[Round "1"]
[White "Trent, Lawrence"]
[Black "Manganelli, Gianpaolo"]
[Result "1/2-1/2"]
[WhiteElo "2458"]
[BlackElo "2051"]
[PlyCount "87"]
[EventDate "2007.08.21"]

1. e4 c5 2. Nf3 d6 3. d4 cxd4 4. Nxd4 Nf6 5. Nc3 g6 6. g3 Nc6 7. Bg2 Nxd4 8.
Qxd4 Bg7 9. O-O O-O 10. Qd3 Nd7 11. h3 b6 12. b3 Bb7 13. Bb2 Rc8 14. Rac1 Nc5
15. Qe3 Bxe4 16. Rfe1 Bxg2 17. Kxg2 e6 18. Rcd1 Qc7 19. Kh2 Qc6 20. Re2 d5 21.
Rd4 Rfd8 22. f4 Re8 23. Qd2 Rcd8 24. Nd1 f5 25. c4 Ne4 26. Rexe4 fxe4 27. Ne3
b5 28. f5 bxc4 29. bxc4 Bxd4 30. Bxd4 e5 31. Ng4 exd4 32. Qxd4 gxf5 33. Nf6+
Kf7 34. Nh5 Qg6 35. Nf4 Qf6 36. Qxa7+ Re7 37. Qa5 dxc4 38. Qxd8 Qb2+ 39. Kh1
Qc1+ 40. Kh2 Qc2+ 41. Kh1 Qb1+ 42. Kh2 Qxa2+ 43. Kh1 c3 44. Qc8 1/2-1/2

[Event "XIX Festival A"]
[Site "Porto San Giorgio ITA"]
[Date "2007.08.22"]
[Round "2"]
[White "Calandri, Fausto"]
[Black "Bokros, Albert"]
[Result "1/2-1/2"]
[WhiteElo "2144"]
[BlackElo "2468"]
[PlyCount "97"]
[EventDate "2007.08.21"]

1. d4 Nf6 2. c4 e6 3. g3 d5 4. Bg2 dxc4 5. Nf3 Be7 6. O-O O-O 7. Qc2 a6 8. Qxc4
b5 9. Qc2 Bb7 10. Bg5 Be4 11. Qc1 Nbd7 12. Nbd2 Bb7 13. Nb3 a5 14. a4 b4 15.
Bxf6 Bxf6 16. Rd1 Ra6 17. Nc5 Nxc5 18. Qxc5 Be7 19. Qc2 Rc6 20. Qd2 Rd6 21. e3
c5 22. Qc2 Bxf3 23. Bxf3 cxd4 24. exd4 Rxd4 25. Rxd4 Qxd4 26. Rd1 Qe5 27. Be2
Bc5 28. b3 h5 29. Bc4 Bd4 30. Qe2 Qc5 31. Kg2 Rd8 32. Qf3 g6 33. Rd2 Kg7 34.
Qe4 Rd6 35. Qb7 Qf5 36. Qf3 Qg5 37. Rd3 h4 38. Qf4 Qxf4 39. gxf4 Kf6 40. Kf3
Ke7 41. Ke2 Rd8 42. h3 f5 43. Rd1 Kf6 44. Kf3 Rd6 45. Rd2 Ke7 46. Rd1 g5 47.
fxg5 e5 48. Ke2 Rg6 49. f4 1/2-1/2

[Event "XIX Festival A"]
[Site "Porto San Giorgio ITA"]
[Date "2007.08.22"]
[Round "2"]
[White "Calavalle, Giulio"]
[Black "Sulava, Nenad"]
[Result "0-1"]
[WhiteElo "2212"]
[BlackElo "2544"]
[PlyCount "114"]
[EventDate "2007.08.21"]

1. e4 c5 2. Nc3 a6 3. Bc4 e6 4. d3 Nc6 5. a3 Nf6 6. Bg5 Be7 7. f4 d5 8. Ba2 h6
9. Bxf6 Bxf6 10. e5 Be7 11. Qd2 b5 12. Nce2 Bb7 13. Nf3 Qc7 14. c3 g5 15. d4 g4
16. Nfg1 Na5 17. h3 Nc4 18. Qc1 cxd4 19. Nxd4 Rg8 20. Nge2 gxh3 21. g3 h5 22.
Rxh3 h4 23. Bxc4 dxc4 24. Qe3 hxg3 25. Nxg3 O-O-O 26. O-O-O Bd5 27. Nge2 Rg7
28. Rg1 Rxg1+ 29. Qxg1 Be4 30. Qh2 Kb7 31. Ng3 Bd3 32. Qg2+ Kb6 33. Nge2 a5 34.
Rh6 b4 35. axb4 axb4 36. Nxe6 fxe6 37. Rxe6+ Kb5 38. Nd4+ Rxd4 39. cxd4 Qd7 40.
Qg8 Bf8 41. Qxf8 Qxe6 42. b3 Qc6 43. d5 Qxd5 44. Qb8+ Ka6 45. Qxb4 cxb3 46. Kb2
Bc4 47. Qa4+ Kb6 48. Qb4+ Kc6 49. Qa4+ Kb7 50. Qb4+ Kc8 51. Qf8+ Kd7 52. Qg7+
Kc6 53. Qg6+ Kb5 54. Qe8+ Kc5 55. Qc8+ Kd4 56. Qh3 Qa5 57. Qd7+ Bd5 0-1

[Event "XIX Festival A"]
[Site "Porto San Giorgio ITA"]
[Date "2007.08.22"]
[Round "2"]
[White "Cioara, Andrei Nestor"]
[Black "Lazar, Andras"]
[Result "1-0"]
[WhiteElo "2430"]
[BlackElo "2123"]
[PlyCount "89"]
[EventDate "2007.08.21"]

1. e4 c5 2. Nf3 Nc6 3. d4 cxd4 4. Nxd4 g6 5. c4 Nf6 6. Nc3 Nxd4 7. Qxd4 d6 8.
Bg5 Bg7 9. Be2 O-O 10. Qd2 Be6 11. Rc1 Qa5 12. f3 Rfc8 13. b3 a6 14. Na4 Qxd2+
15. Kxd2 Nd7 16. Rc2 Kf8 17. g4 Rab8 18. Nc3 f6 19. Be3 Bf7 20. h4 h6 21. f4 e6
22. Rhc1 Rc7 23. b4 Rbc8 24. a4 f5 25. gxf5 gxf5 26. exf5 exf5 27. Bd3 Bxc3+
28. Rxc3 Ke7 29. Bd4 Be6 30. Re1 Kf7 31. Rg1 Nf6 32. a5 Ne4+ 33. Bxe4 fxe4 34.
c5 dxc5 35. bxc5 Bf5 36. Rb3 Rg8 37. Rxg8 Kxg8 38. Rb6 h5 39. Ke3 Bd7 40. Rh6
Bf5 41. Rxh5 Bg6 42. Rg5 Kh7 43. f5 Be8 44. Kxe4 Ba4 45. Rh5+ 1-0

[Event "XIX Festival A"]
[Site "Porto San Giorgio ITA"]
[Date "2007.08.22"]
[Round "2"]
[White "Ferro, Mario"]
[Black "Fedorchuk, Sergey A."]
[Result "0-1"]
[WhiteElo "2264"]
[BlackElo "2618"]
[PlyCount "58"]
[EventDate "2007.08.21"]

1. d4 Nf6 2. c4 e6 3. Nf3 b6 4. g3 Bb4+ 5. Bd2 a5 6. Bg2 Bb7 7. O-O O-O 8. Bg5
Be7 9. Nc3 Ne4 10. Qc2 Nxc3 11. bxc3 f5 12. Bxe7 Qxe7 13. d5 Na6 14. Nd4 Nc5
15. Rad1 a4 16. Nb5 d6 17. e4 f4 18. e5 dxe5 19. Rfe1 exd5 20. Rxd5 Bxd5 21.
Bxd5+ Kh8 22. Bxa8 fxg3 23. hxg3 Rxa8 24. Qf5 Re8 25. Kg2 g6 26. Qg4 Qf7 27. f3
Kg7 28. Re3 Re6 29. Na3 Qd7 0-1